[Event "HUN Team League Csongrad 2016-2017 R 1â€"]
[Site "?"]
[Date "2016.10.02"]
[Round "1.4"]
[White "Bene, Zoltan"]
[Black "Veres, Sandor"]
[Result "1-0"]
[WhiteElo "1727"]
[BlackElo "1583"]
[PlyCount "117"]
[EventDate "2016.10.02"]

1. e4 e6 2. d4 d5 3. exd5 exd5 4. Bd3 Nf6 5. Bg5 Be7 6. h3 h6 7. Bh4 Ne4 8.
Bxe7 Qxe7 9. Ne2 Qb4+ 10. Nbc3 Nxc3 11. bxc3 Qe7 12. O-O Qg5 13. Re1 O-O 14.
Ng3 Nc6 15. c4 Nxd4 16. c3 Nf5 17. Re5 g6 18. Nxf5 Bxf5 19. Bxf5 gxf5 20. Qxd5
c6 21. Qf3 f6 22. Rxf5 Qg6 23. Re1 Kf7 24. Re4 h5 25. Ref4 Ke6 26. Re4+ Kf7 27.
Rxh5 Rh8 28. Reh4 Rxh5 29. Qxh5 Qxh5 30. Rxh5 Kg6 31. Rh4 Re8 32. Kf1 Re5 33.
Rg4+ Kf7 34. Rd4 Ke6 35. g4 a6 36. Rd2 Rc5 37. Re2+ Kf7 38. Rb2 b5 39. cxb5
axb5 40. Rc2 b4 41. c4 Kg6 42. Kg2 f5 43. Kg3 Re5 44. c5 fxg4 45. hxg4 Kf7 46.
Rc4 Re2 47. Rxb4 Rxa2 48. Rb6 Rc2 49. Rxc6 Ke7 50. f4 Kd7 51. Rd6+ Ke7 52. Rd5
Ke6 53. Re5+ Kf7 54. Kh4 Kf6 55. g5+ Kf7 56. Kg4 Rc4 57. Kf5 Rc1 58. g6+ Kf8
59. Kf6 1-0

[Event "HUN Team League Csongrad 2016-2017 R 1â€"]
[Site "?"]
[Date "2016.10.02"]
[Round "1.4"]
[White "Gabor, Geza"]
[Black "Tokes, Janos"]
[Result "1/2-1/2"]
[WhiteElo "1648"]
[BlackElo "1700"]
[PlyCount "53"]
[EventDate "2016.10.02"]

1. e4 e5 2. f4 d6 3. Nf3 Nc6 4. Bc4 Be7 5. O-O Nf6 6. Nc3 O-O 7. d3 a6 8. a3
Bg4 9. h3 Bxf3 10. Qxf3 Nd4 11. Qd1 b5 12. Ba2 c5 13. Nd5 Rc8 14. c3 Nc6 15.
Nxf6+ Bxf6 16. f5 Kh8 17. Be3 a5 18. Qd2 b4 19. Bd5 Ne7 20. c4 Nxd5 21. exd5
Ra8 22. a4 Be7 23. b3 Ra7 24. Qf2 f6 25. Qh4 Qe8 26. Rf3 Rg8 27. Raf1 1/2-1/2

[Event "HUN Team League Csongrad 2016-2017 R 1â€"]
[Site "?"]
[Date "2016.10.02"]
[Round "1.4"]
[White "Markus, Molli Amina"]
[Black "Magony, Milan"]
[Result "1/2-1/2"]
[WhiteElo "1457"]
[BlackElo "1268"]
[PlyCount "43"]
[EventDate "2016.10.02"]

1. e4 e6 2. d4 d5 3. Nc3 Bb4 4. e5 c5 5. Nf3 Nc6 6. Bg5 Qb6 7. Be3 Nge7 8. dxc5
Bxc5 9. Bxc5 Qxc5 10. Be2 Nf5 11. Nb5 O-O 12. c3 b6 13. Nbd4 Ncxd4 14. Nxd4
Nxd4 15. Qxd4 Qxd4 16. cxd4 Bb7 17. O-O Rac8 18. Rac1 Rxc1 19. Rxc1 Rc8 20.
Rxc8+ Bxc8 21. f4 f6 22. Kf2 1/2-1/2

[Event "HUN Team League Csongrad 2016-2017 R 1â€"]
[Site "?"]
[Date "2016.10.02"]
[Round "1.5"]
[White "Varga, Gabor"]
[Black "Csikos, Mihaly"]
[Result "0-1"]
[WhiteElo "1588"]
[BlackElo "2052"]
[PlyCount "54"]
[EventDate "2016.10.02"]

1. c4 e5 2. Nc3 Nf6 3. g3 Bc5 4. Bg2 c6 5. Nf3 e4 6. Ng5 d5 7. cxd5 cxd5 8. d3
h6 9. Nh3 exd3 10. Qxd3 O-O 11. Nf4 d4 12. Ncd5 Nc6 13. Nxf6+ Qxf6 14. a3 Re8
15. Be4 Qe5 16. f3 Bd7 17. Nd5 f5 18. Bf4 fxe4 19. fxe4 Qxe4 20. Qxe4 Rxe4 21.
Rc1 Bb6 22. Bxh6 Rae8 23. Rc2 d3 24. Rd2 Rxe2+ 25. Rxe2 Rxe2+ 26. Kd1 Bg4 27.
Kc1 Bd4 0-1

[Event "HUN Team League Csongrad 2016-2017 R 1â€"]
[Site "?"]
[Date "2016.10.02"]
[Round "1.5"]
[White "Fridrik, Richard"]
[Black "Bodicsi, Barna"]
[Result "1-0"]
[WhiteElo "1774"]
[BlackElo "1514"]
[PlyCount "65"]
[EventDate "2016.10.02"]

1. e4 e5 2. Nf3 Nf6 3. Nxe5 d6 4. Nf3 Bg4 5. Nc3 Nbd7 6. d4 c5 7. Be3 Qb6 8.
Rb1 Qb4 9. a3 Qa5 10. Qd2 Bxf3 11. gxf3 cxd4 12. Bxd4 Ne5 13. Bxe5 dxe5 14.
Bb5+ Ke7 15. Nd5+ Nxd5 16. Qxa5 Nf4 17. Qc7+ Kf6 18. Rg1 Be7 19. Rg5 Kxg5 20.
Qxe5+ Kg6 21. Qf5+ Kh6 22. Qxf4+ Bg5 23. Qxf7 Rhf8 24. Qe6+ Rf6 25. Qh3+ Kg6
26. e5 Rf4 27. Bd3+ Kf7 28. Qh5+ g6 29. Qxg5 Rd4 30. Qf6+ Ke8 31. Bb5+ Rd7 32.
e6 Rad8 33. Qf7# 1-0

[Event "HUN Team League Csongrad 2016-2017 R 1â€"]
[Site "?"]
[Date "2016.10.02"]
[Round "1.5"]
[White "Racz, Gabor Istvan"]
[Black "Kurucz, Gergely"]
[Result "0-1"]
[WhiteElo "1507"]
[BlackElo "1598"]
[PlyCount "68"]
[EventDate "2016.10.02"]

1. d4 d6 2. c4 g6 3. Nc3 Bg7 4. e4 Nf6 5. Nf3 O-O 6. Be2 Nbd7 7. O-O Nb6 8. Qc2
Bg4 9. b3 c6 10. Bb2 Qc7 11. h3 Bxf3 12. Bxf3 Nfd7 13. Ne2 e5 14. c5 dxc5 15.
dxc5 Nc8 16. Rfd1 Ne7 17. Rd6 b6 18. b4 Rfd8 19. Rad1 Nf8 20. Qd3 Ne6 21. Bg4
f5 22. exf5 gxf5 23. Bxf5 Nxf5 24. Qxf5 Qf7 25. Qg4 h5 26. Qe4 Rf8 27. f3 Ng5
28. Qg6 Nxh3+ 29. gxh3 Qxf3 30. Qg2 Qe3+ 31. Kh1 Rf2 32. Bc1 Qxe2 33. R6d2 Rxg2
34. Rxe2 Rxe2 0-1

[Event "HUN Team League Csongrad 2016-2017 R 1â€"]
[Site "?"]
[Date "2016.10.02"]
[Round "1.5"]
[White "Farkas, Boldizsar"]
[Black "Kocsmar, Akos"]
[Result "0-1"]
[WhiteElo "1453"]
[BlackElo "1472"]
[PlyCount "54"]
[EventDate "2016.10.02"]

1. b4 d5 2. Bb2 e6 3. e3 Nf6 4. b5 c6 5. a4 a6 6. c4 Be7 7. Nf3 Bd7 8. Qb3 axb5
9. axb5 Rxa1 10. Bxa1 O-O 11. Be2 Ne4 12. d3 Qa5+ 13. Bc3 Nxc3 14. Nxc3 Bb4 15.
Kd2 Bxc3+ 16. Qxc3 Qa2+ 17. Qc2 Qa5+ 18. Kc1 cxb5 19. cxd5 Rc8 20. Qxc8+ Bxc8
21. Kb2 exd5 22. Rc1 Qb4+ 23. Ka2 Be6 24. Nd4 Nc6 25. Rb1 Qa4+ 26. Kb2 Nxd4 27.
exd4 Qxd4+ 0-1

[Event "HUN Team League Csongrad 2016-2017 R 1â€"]
[Site "?"]
[Date "2016.10.02"]
[Round "1.5"]
[White "Varga, Szilvia"]
[Black "Febert, Richard"]
[Result "0-1"]
[WhiteElo "1421"]
[BlackElo "1410"]
[PlyCount "88"]
[EventDate "2016.10.02"]

1. e4 c5 2. Nc3 Nc6 3. Nf3 d6 4. d4 cxd4 5. Nxd4 e5 6. Nf3 Be7 7. Bc4 h6 8. Be3
Nf6 9. Qd3 O-O 10. O-O Bg4 11. Qd1 Nb4 12. Be2 Nc6 13. h3 Bh5 14. a3 Rc8 15.
Qd2 Bg6 16. Bd3 a6 17. Qd1 Kh8 18. Nd2 Kg8 19. Be2 Kh8 20. Bf3 Kg8 21. Nc4 Nd4
22. Nd2 Nxf3+ 23. Qxf3 Qd7 24. Rac1 Bh5 25. Qg3 Bg6 26. f3 Kh7 27. Nb3 Nh5 28.
Qf2 Qd8 29. g3 f5 30. exf5 Bxf5 31. g4 Bh4 32. Qg2 Ng3 33. Rfd1 Be6 34. Bf2
Rxc3 35. bxc3 Ne2+ 36. Kf1 Nxc1 37. Rxc1 Bxf2 38. Qxf2 Qf6 39. Nd2 Bd5 40. Kg2
e4 41. Rf1 exf3+ 42. Nxf3 Qxc3 43. a4 Rxf3 44. Qb6 Qxc2+ 0-1

[Event "HUN Team League Csongrad 2016-2017 R 1â€"]
[Site "?"]
[Date "2016.10.02"]
[Round "1.5"]
[White "Fulop, Csilla"]
[Black "Tamas, Attila"]
[Result "1/2-1/2"]
[WhiteElo "1379"]
[BlackElo "1209"]
[PlyCount "31"]
[EventDate "2016.10.02"]

1. e4 Nc6 2. d4 e5 3. Nf3 exd4 4. Nxd4 Nxd4 5. Qxd4 d6 6. Bc4 Be6 7. O-O Qf6 8.
Qd3 O-O-O 9. Be3 Kb8 10. Bxe6 fxe6 11. Qa3 b6 12. Nc3 Kb7 13. Nb5 Ra8 14. Bd4
Qe7 15. Qb3 e5 16. Be3 1/2-1/2